Prosistas americanos. Trozos escogidos de literatura coleccionados i extractados de autores mexicanos, uruguayos, bolivianos, ecuatorianos, cubanos, venezolanos, peruanos, chilenos, arjentinos, colombianos y americanos

Guardat en:
Dades bibliogràfiques
Autor principal: Cortés, José Domingo (Autor)
Format: Llibre
Idioma:espanyol
Publicat: París Tipografía Lahure 1875
Edició:1a. ed
Matèries:
Etiquetes: Afegir etiqueta
Sense etiquetes, Sigues el primer a etiquetar aquest registre!

MARC

LEADER 00000nam a2200000 a 4500
001 UCJ6316
003 CL-VaPUC
008 070124e18750000FR |||||||||||||||||spa|d
082 0 4 |a H863  |b COR  |2 21 
100 0 |a Cortés, José Domingo  |e author  |9 512836 
245 1 0 |a Prosistas americanos. Trozos escogidos de literatura coleccionados i extractados de autores mexicanos, uruguayos, bolivianos, ecuatorianos, cubanos, venezolanos, peruanos, chilenos, arjentinos, colombianos y americanos 
250 |a 1a. ed 
300 |a 440 p 
942 |c BK 
945 |d 20070124 00:00:00  |a rinostro 
260 |a París  |b Tipografía Lahure  |c 1875 
650 0 |a Narrativa  |9 336727 
650 7 |a PROSISTAS  |2 CL-VaPUC  |9 452604 
650 0 |a Crítica literaria   |9 269189 
650 0 |a Antología   |9 327336 
650 0 |a Educación  |9 258661 
651 0 |a América Latina   |9 255027 
583 |a last modification  |c 20070124 00:00:00  |k Rodrigo Vera 
999 |c 322424  |d 322422 
952 |0 0  |1 0  |4 0  |6 H_863_000000000000000_COR_1875  |7 0  |8 X  |9 401410  |a FDOBUD  |b FDOBUD  |d 2019-11-22  |i 1046497  |o H863 COR 1875  |p 1046497  |r 2019-11-22  |w 2019-11-22  |y BK_X  |k BUD